000 00594nam a2200193Ia 4500
005 20250508163919.0
008 008 250505s9999 xx 000 0 eng d
020 _a81-8052-0005
037 _aTextual
040 _aFEDL
_beng
_cFEDL
041 _aeng
_2eng
084 _a370.157, PIK
_qFEDL
245 0 _a101 games for trainers : A collection of the best activties from creative training techniques newsletter
260 _aNew Delhi, India
_bAne Books
_c2002
300 _axi,108p.
650 _aEducation
942 _cTEXL
_h370.157, PIK
999 _c1385945
_d1385945